Quick Pick: 'B' Countries Quiz Stats

Quiz Updated May 3, 2016

Challenge
Share
Tweet
Embed
Score 0/17 Timer 01:30
1 Play Today
% Correct
Belgium
94.4%
Brazil
93.5%
Bosnia and Herzegovina
85.8%
Belarus
82.8%
Bulgaria
80.4%
Bahamas
80%
Bolivia
79.8%
Barbados
67%
Bangladesh
57.6%
% Correct
Burkina Faso
55.4%
Belize
49.2%
Bhutan
47.6%
Botswana
44.1%
Burundi
41.5%
Brunei
41.5%
Bahrain
38.3%
Benin
34.6%

Today's Daily Dose

Missing Word
Brians

On This Day
January 17th

You're not logged in!

Compare scores with friends on all Sporcle quizzes.
Sign Up with Email
OR
Log In

You Might Also Like...

Show Comments

Extras

Top Quizzes Today


Score Distribution

Your Account Isn't Verified!

In order to create a playlist on Sporcle, you need to verify the email address you used during registration. Go to your Sporcle Settings to finish the process.